Name the Author 1 - Statistics

General Stats
  • This quiz has been taken 13 times
  • The average score is 14 of 20
Answer Stats
Hint Answer % Correct
Great Expectations Charles Dickens
100%
The Lord of the Rings J.R.R. Tolkien
100%
The Communist Manifesto Karl Marx
100%
The Adventures of Huckleberry Finn Mark Twain
100%
Little Women Louisa May Alcott
92%
Charlie and the Chocolate Factory Roald Dahl
92%
Death on the Nile Agatha Christie
83%
The Divine Comedy Dante Alighieri
83%
20,000 Leagues Under the Sea Jules Verne
83%
How the Grinch Stole Christmas! Dr. Seuss
75%
The Time Machine H.G. Wells
67%
Finnegan's Wake James Joyce
67%
The Wonderful Wizard of Oz L. Frank Baum
67%
The Ugly Duckling Hans Christian Andersen
58%
'Salem's Lot Stephen King
58%
The Strange Case of Dr. Jekyll and Mr. Hyde Robert Louis Stevenson
50%
Far from the Madding Crowd Thomas Hardy
50%
Poor Richard's Almanack Benjamin Franklin
33%
The Murders in the Rue Morgue Edgar Allan Poe
33%
Breakfast of Champions Kurt Vonnegut
17%
No matching quizzes found
Score Distribution
Percent of People with Each Score
Percentile by Number Answered
Your Score History
You have not taken this quiz